Catálogo público

El desarrollo territorial en Tlaxcala : (Record no. 217498)

MARC details
000 -CABECERA
campo de control de longitud fija 00910nam a22002177a 4500
005 - FECHA Y HORA DE LA ÚLTIMA TRANSACCIÓN
campo de control 20220729132912.0
008 - DATOS DE LONGITUD FIJA--INFORMACIÓN GENERAL
campo de control de longitud fija 220728b200 spaa|||f |||| 00| 0 spa d
020 ## - NÚMERO INTERNACIONAL ESTÁNDAR DEL LIBRO
Número Internacional Estándar del Libro 970-9871-08-0
040 ## - FUENTE DE LA CATALOGACIÓN
Centro/agencia transcriptor CHAP
082 ## - NÚMERO DE LA CLASIFICACIÓN DECIMAL DEWEY
Número de clasificación 338.90917247
Número de documento/Ítem D44
Número de edición 22
245 ## - MENCIÓN DE TÍTULO
Título El desarrollo territorial en Tlaxcala :
Resto del título dimensiones rurales y opciones de ordenamiento espacial en la región oriente /
Mención de responsabilidad, etc. coordinado por Javier Delgadillo Macías.
264 #1 - PRODUCCIÓN, PUBLICACIÓN, DISTRIBUCIÓN, FABRICACIÓN Y COPYRIGHT
Producción, publicación, distribución, fabricación y copyright Tlaxcala, México :
Nombre del de productor, editor, distribuidor, fabricante El Colegio de Tlaxcala :
-- CONACYT :
-- Gobierno del Estado de Tlaxcala,
Fecha de producción, publicación, distribución, fabricación o copyright 2005.
300 ## - DESCRIPCIÓN FÍSICA
Extensión 199 páginas :
Otras características físicas mapas,cuadros,gráficas.
336 ## - TIPO DE CONTENIDO
Término de tipo de contenido texto
Código de tipo de contenido txt
Fuente rdacontenido
337 ## - TIPO DE MEDIO
Nombre/término del tipo de medio sinmedio
Código del tipo de medio nc
Fuente rdamedia
338 ## - TIPO DE SOPORTE
Nombre/término del tipo de soporte volumen
Código del tipo de soporte nc
Fuente rdacarrier
650 #7 - PUNTO DE ACCESO ADICIONAL DE MATERIA--TÉRMINO DE MATERIA
9 (RLIN) 88723
Término de materia o nombre geográfico como elemento de entrada Planeación regional
Subdivisión general Tlaxcala
650 #7 - PUNTO DE ACCESO ADICIONAL DE MATERIA--TÉRMINO DE MATERIA
9 (RLIN) 32029
Término de materia o nombre geográfico como elemento de entrada Desarrollo de la comunidad rural
Subdivisión general Tlaxcala
700 0# - PUNTO DE ACCESO ADICIONAL--NOMBRE DE PERSONA
9 (RLIN) 31571
Nombre de persona Delgadillo Macías, Javier
Término indicativo de función/relación coordinador.
942 ## - ELEMENTOS DE PUNTO DE ACCESO ADICIONAL (KOHA)
Fuente del sistema de clasificación o colocación Dewey Decimal Classification
Tipo de ítem Koha Libro
Holdings
Estado de retiro Estado de pérdida Fuente del sistema de clasificación o colocación Estado dañado Restricciones de uso No para préstamo Código de colección Localización permanente Ubicación/localización actual Ubicación en estantería Fecha de adquisición Total de préstamos Signatura topográfica completa Código de barras Fecha visto por última vez Precio válido a partir de Tipo de ítem Koha
    Dewey Decimal Classification   Préstamo 15 días   General Biblioteca Central Biblioteca Central Planta alta - Colección General 28/07/2022   338.90917247 D44 33724002563611 28/07/2022 28/07/2022 Libro